01018cam a22003257 4500001000900000003000900009005001700018008004100035015000600076017000900082020001800091035001300109040002700122041001100149080000600160100002300166240003600189245011100225250001400336260003300350300002700383490003100410700001900441830003100460942001200491945002800503952010500531956003900636999001700675a3346502DO-SdBNP20180212154926.0080402s2007 sp a | |||| 000 1 spa  a  a b  a9788426350039 a(OCoLC)  aBPMSUbspacBPMSUerdc aspah  a 1 aHagen, Hansd1955-13aDe Kat en de adelaarlEspañol10aFarid y el gato negro /h cHans Hagen ; ilustraciones, Philip Hopman ; traducción, Laurence Schröder a 3ª imp. aMadrid :bEdelvives, c2007 a100 p. :bil. ;c20 cm aAla delta.aSerie azulv151 aHopman, Philip aAla delta.pSerie azulv15 2ddccBK aInventariado, 2018 / BT 00102ddc40708CI-GaBPMETbBPMETd2018-02-12eFUNDIl0pBPMSU18020128r2018-02-12w2018-02-12yBK a VMATEOb10c20170117dBPMSUf0069 c12492d12492